Navigating Co-Creation Processes to Build Sustainable Agroecological Systems (notice n° 1726126)

détails MARC
000 -LEADER
fixed length control field 01854cam a2200205 4500500
005 - DATE AND TIME OF LATEST TRANSACTION
control field 20260322002732.0
041 ## - LANGUAGE CODE
Language code of text/sound track or separate title fre
042 ## - AUTHENTICATION CODE
Authentication code dc
100 10 - MAIN ENTRY--PERSONAL NAME
Personal name Matt, Mireille
Relator term author
245 00 - TITLE STATEMENT
Title Navigating Co-Creation Processes to Build Sustainable Agroecological Systems
260 ## - PUBLICATION, DISTRIBUTION, ETC.
Date of publication, distribution, etc. 2025.<br/>
500 ## - GENERAL NOTE
General note 99
520 ## - SUMMARY, ETC.
Summary, etc. Transformative Innovation Policies in the agricultural sector (Agroecology Partnership, ACROPICS (https://acp-initiative.com/fr/acropics/) increasingly support Living Labs (LL) to foster agroecological transition. LLs are place-based, real-world experimentations in which actors of the quadruple helix are involved in participatory co-creation processes, to generate innovative solutions. While the literature recognizes the transformative potential of co-creation processes in LLs, few papers explain the “transformative” pathways and the factors enabling systemic changes. We contend that to be transformative, the pathways should be anticipated by a network of actors involved in, and those beyond, the co-creation processes, aiming at developing sustainable agroecological systems (SAS). The aim of this paper is to highlight that embedding real-time monitoring and futuring exercises in LLs’ co-creation processes enables actors to uncover relevant pathways: expected transformations, aligned alternative solutions and a set of leverage points enabling to accelerate the circulation and generalization of the co-created solutions and thus agroecological transition.
700 10 - ADDED ENTRY--PERSONAL NAME
Personal name Loconto, Alison
Relator term author
700 10 - ADDED ENTRY--PERSONAL NAME
Personal name Van Dis, Renée
Relator term author
700 10 - ADDED ENTRY--PERSONAL NAME
Personal name Lhoste, Évelyne
Relator term author
700 10 - ADDED ENTRY--PERSONAL NAME
Personal name Jimenez, Alejandra
Relator term author
786 0# - DATA SOURCE ENTRY
Note Innovations | special issue | HS1 | 2025-10-10 | p. 52-52 | 1267-4982
856 41 - ELECTRONIC LOCATION AND ACCESS
Uniform Resource Identifier <a href="https://shs.cairn.info/revue-innovations-2025-HS1-page-52?lang=en&redirect-ssocas=7080">https://shs.cairn.info/revue-innovations-2025-HS1-page-52?lang=en&redirect-ssocas=7080</a>

Pas d'exemplaire disponible.

PLUDOC

PLUDOC est la plateforme unique et centralisée de gestion des bibliothèques physiques et numériques de Guinée administré par le CEDUST. Elle est la plus grande base de données de ressources documentaires pour les Étudiants, Enseignants chercheurs et Chercheurs de Guinée.

Adresse

627 919 101/664 919 101

25 boulevard du commerce
Kaloum, Conakry, Guinée

Réseaux sociaux

Powered by Netsen Group @ 2025